000
00228nam a2200097Ia 4500
008
170619s9999 xx 000 0 und d
100
_a
Itoh- Kiyoo
245
0
_a
VLSI Memory Chip Design
260
_b
New York : Springer
260
_c
2001
546
_a
ENGLISH
999
_c
20202
_d
20202